000 00415nam a22001577a 4500
005 20230706105332.0
008 230706b ||||| |||| 00| 0 eng d
040 _cAACR2
082 _a500 BHO
100 _aBhushetti, Rajuguddappa
_914538
245 _aMakkaligagi vignana
260 _aBelagavi
_bPrasaranga
_c2021
300 _a100p.
650 _aJanapriya tantrika sikshana male
_914527
942 _2ddc
_cBK
999 _c194490
_d194490